|
|
|
|
| LEADER |
00000nam a2200000 a 4500 |
| 001 |
vtls001435878 |
| 003 |
SK-MaSNL |
| 005 |
20260301230205.0 |
| 008 |
240314s2001 xo 0 und |
| 035 |
|
|
|a SNK000390969
|
| 040 |
|
|
|a SNK
|b slo
|c SNK
|e AACR2
|
| 044 |
|
|
|a xo
|c SK
|
| 100 |
1 |
|
|a Garcon, Nathalie
|4 aut
|9 620696
|
| 245 |
1 |
0 |
|a Vakcínová kompozícia obsahujúca saponín a sterol, spôsob jej výroby a jej použitie. A61K 39/39
|
| 260 |
|
|
|a Banská Bystrica
|b Úrad priemyselného vlastníctva SR
|c 2001
|
| 300 |
|
|
|a 9 s.
|
| 999 |
|
|
|c 953849
|d 955779
|
| 952 |
|
|
|t P60, <04>, [BOOK], {604}
|a SNK
|b SNK
|y VYP
|7 0
|p 17A0345931
|o snkSK 282017
|i snkPS 336/2002
|0 0
|1 0
|4 0
|d 2002-06-07
|l 0
|r 2005-01-02 00:00:00
|w 2026-02-24
|